000 00487nam a2200205Ia 4500
003 0100
008 130303s9999 xx 000 0 und d
040 _cARRUPELIB
050 _aHV6431.J47 1981
100 _aNetanyahu, Benjamin
245 _aInternational terrorism
245 _bChallenge and response
260 _aJerusalem
260 _bThe Jonathan Institute
260 _C1981
300 _a383p.
300 _b 24cm.
650 _bCritical realism
942 _2lcc
_01
999 _c66332
_d66332